Rejected Daily Trivia #11 - Statistics

General Stats
  • This quiz has been taken 70 times
  • The average score is 5 of 10
Answer Stats
Question Answer % Correct
Who played Private Ryan in Saving Private Ryan? Matt Damon
93%
Which company is known for its creative suite of products, most famously Photoshop? Adobe
73%
Which of these novels was written by Jane Austen? Pride and Prejudice
73%
Complete the sentence: "EA Sports..." "It's in the game."
63%
Which of the following animals is also the name of a famous video game character? Bandicoot
54%
Which of the following is NOT a Japanese company? LG
51%
Which of the following is NOT the title of an Assassin's Creed game? Apocalypse
49%
Which of these states has never been an independent country? New York
32%
What is a Menhir? An ancient standing stone
29%
If you answer this question at random, what is the chance you will guess correctly? 75%
12%
No matching quizzes found
Score Distribution
Percent of People with Each Score
Percentile by Number Answered
Your Score History
You have not taken this quiz